Poissons d'eau douce par origine - Statistiques

Statistiques générales
  • Ce quiz a été pris 161 fois
    158 depuis la dernière actualisation
  • Le résultat moyen est 3 sur 50
Réponses sur la Carte
Les réponses sont colorées sur une échelle allant du rouge au vert en fonction du pourcentage des utilisateurs qui les ont devinées à leur premier essai. Vous pouvez retrouver ces pourcentages ci-dessous.
 
Statistiques - réponses
Réponse % Correct
Carpe Koï
19%
Carpe Amour
17%
Combattant
14%
Ancistrus
11%
Poisson hachette marbré
11%
Barbus de Sumatra
8%
Botia Clown
8%
Guppy
8%
Killi Cap Lopez
8%
Molly
8%
Néon Bleu
8%
Pleco
8%
Ramirezi
8%
Rasbora Heteromorpha
8%
Corydoras à trois bandes
6%
Corydoras Panda
6%
Danio Léopard
6%
Discus
6%
Gourami Perlé
6%
Lifalili
6%
Nez Rouge
6%
Platy
6%
Poisson Arc-en-ciel
6%
Poisson Ciseau
6%
Poisson Rouge
6%
Tetra Cuivré
6%
Tetra du Congo
6%
Alburnus
3%
Barbus à 5 bandes
3%
Barbus Cerise
3%
Barbus Doré
3%
Cardinalis
3%
Danio Zebré
3%
Epalzeo
3%
Faux Néon
3%
Feux de Position
3%
Gertrude's Rainbow
3%
Gourami Nain
3%
Labeo Bicolore
3%
Scalaire
3%
Velifera
3%
Veuve Noire
3%
Kuhli
0%
Labeo Frenatus
0%
Microrasbora Galaxy
0%
Néon Rose
0%
Platy Perroquet
0%
Requin d'argent
0%
Tateur
0%
Xipho
0%
Aucun quiz correspondant
Distribution des résultats
% des personnes avec chaque résultat
Percentile par nombre de réponses
Votre historique - résultats
Vous n’avez pas pris ce quiz depuis la dernière actualisation